00354 a2200097 4500001001000000005001700010008004100027245005500068100002400123773010900147ART_1619720260410161853.0260409a 10aFilosofía política y política gnoseológica1 aAguirre, Gonzalo S.0 tFilosofía del derechogCuestiones epistemológica y normativas - Año I, Nº 2 (dic. 2012)wREV10449